|
|
|
|
| LEADER |
00000cam a2200000 a 4500 |
| 001 |
1/124821 |
| 008 |
220512s2021####gr | ||| |||| ||gre|| |
| 020 |
|
|
|a 9789606123672
|
| 040 |
|
|
|a GR-MyUa
|b gre
|c GR-MyUa
|e AACR2
|
| 041 |
0 |
|
|a gre
|
| 082 |
7 |
|
|a 155.4
|2 (23)
|
| 100 |
1 |
|
|a Κρασανάκης, Γεώργιος Ε.
|
| 245 |
1 |
0 |
|a Η ψυχολογία παιδιού και εφήβου:
|b θέματα ψυχολογίας της ανθρώπινης ανάπτυξης /
|c Γεωργίου Ε. Κρασανάκη.
|
| 260 |
|
|
|a Αθήνα:
|b Γρηγόρης,
|c 2021.
|
| 300 |
|
|
|a 438 σ. :
|b εικ., πιν., διαγρ. ;
|c 25 εκ.
|
| 504 |
|
|
|a Περιέχει βιβλιογραφικές παραπομπές και πίνακες όρων και ονομάτων.
|
| 650 |
|
0 |
|a Child psychology.
|
| 650 |
|
0 |
|a Child development
|x Psychological aspects.
|
| 650 |
|
0 |
|a Adolescent psychology.
|
| 970 |
|
|
|a Σιδερή
|b Νεκταρία
|z 2022/05/12
|